000 00334nam a2200121Ia 4500
008 190216s9999||||xx |||||||||||||| ||und||
100 _aVaidik Pusthakaley
245 0 _aHindi - Adha Sathyarith Prakash By Maharshi Day An Anda Saraswathi Swamy
260 _bVaidik Pusthakalay
_c1998
300 _a372
650 _aHindi
942 _cBK
999 _c16144
_d16144